| Tag |
First Indicator |
Second Indicator |
Subfields |
| LEADER |
00000cam a2200000Ia 4500 |
| 001 |
in00003889721 |
| 005 |
20180214132005.0 |
| 006 |
m o d |
| 007 |
cr bn||||||||| |
| 008 |
100425s1947 dcuab ob f000 0 eng d |
| 019 |
|
|
|a 608562312
|
| 035 |
|
|
|a (OCoLC)ocn609332311
|
| 040 |
|
|
|a OCLCE
|b eng
|e pn
|c OCLCE
|d OCLCQ
|d OCLCF
|d OCLCO
|d OCLCQ
|d GPO
|d MvI
|d UtOrBLW
|
| 042 |
|
|
|a dlr
|
| 043 |
|
|
|a n-us-ak
|
| 049 |
|
|
|a WWW
|
| 074 |
|
|
|a 0637-A (online)
|
| 086 |
0 |
|
|a I 28.23:4129
|
| 100 |
1 |
|
|a Wright, Wilford S.
|
| 245 |
1 |
0 |
|a Mount Andrew iron deposit, Kasaan Peninsula, Prince of Wales Island, southeastern Alaska /
|c by W.S. Wright and A.W. Tolonen.
|
| 264 |
|
1 |
|a [Washington, D.C.] :
|b U.S. Dept. of the Interior, Bureau of Mines,
|c [1947]
|
| 300 |
|
|
|a 1 online resource (27 pages) :
|b illustrations, maps.
|
| 336 |
|
|
|a text
|b txt
|2 rdacontent
|
| 337 |
|
|
|a computer
|b c
|2 rdamedia
|
| 338 |
|
|
|a online resource
|b cr
|2 rdacarrier
|
| 490 |
1 |
|
|a Report of investigations ;
|v 4129
|
| 500 |
|
|
|a "November 1947."
|
| 588 |
|
|
|a Description based on online resource; title from PDF title page (Alaska DGGS, viewed Aug. 21, 2017).
|
| 504 |
|
|
|a Includes bibliographical references (page 27).
|
| 500 |
|
|
|a Electronic resource.
|
| 650 |
|
0 |
|a Iron ores
|z Alaska
|z Kasaan Peninsula.
|
| 650 |
|
7 |
|a Iron ores.
|2 fast
|0 (OCoLC)fst00979303
|
| 651 |
|
0 |
|a Kasaan Peninsula (Alaska)
|0 http://id.loc.gov/authorities/subjects/sh00004522
|
| 651 |
|
7 |
|a Alaska
|z Kasaan Peninsula.
|2 fast
|0 (OCoLC)fst01290189
|
| 700 |
1 |
|
|a Tolonen, A. W.
|
| 710 |
1 |
|
|a United States.
|b Bureau of Mines.
|0 http://id.loc.gov/authorities/names/n79063444
|
| 776 |
0 |
8 |
|i Print version:
|a Wright, Wilford S.
|t Mount Andrew iron deposit, Kasaan Peninsula, Prince of Wales Island, southeastern Alaska
|w (OCoLC)24134432
|
| 830 |
|
0 |
|a Report of investigations (United States. Bureau of Mines) ;
|v 4129.
|0 http://id.loc.gov/authorities/names/n42021077
|
| 856 |
4 |
0 |
|u https://purl.fdlp.gov/GPO/gpo83965
|t 0
|
| 999 |
f |
f |
|s 412e14ad-71ba-3748-81c7-1a2457ca238d
|i be413471-a545-3682-8f40-cfb420d4d18e
|t 0
|
| 952 |
f |
f |
|a Texas A&M University
|b College Station
|c Electronic Resources
|d Available Online
|t 0
|e I 28.23:4129
|h Superintendent of Documents classification
|
| 998 |
f |
f |
|a I 28.23:4129
|t 0
|l Available Online
|